El estructuralismo como método / (Record no. 104455)

MARC details
000 -LEADER
campo de control de longitud fija 00859nam a2200253 i 4500
001 - NÚMERO DE CONTROL
campo de control 104455
003 - IDENTIFICADOR DE NÚMERO DE CONTROL
campo de control ES-MaACL
005 - FECHA Y HORA DE LA ÚLTIMA TRANSACCIÓN
campo de control 20230906183616.0
007 - CAMPO FIJO DE DESCRIPCIÓN FÍSICA--INFORMACIÓN GENERAL
campo de control de longitud fija t|
008 - DATOS DE LONGITUD FIJA--INFORMACIÓN GENERAL
campo de control de longitud fija 051130s1972 sp ||||1| spa d
100 1# - ENTRADA PRINCIPAL--NOMBRE DE PERSONA
Nombre de persona Millet, Louis.
9 (RLIN) 81245
245 13 - MENCIÓN DEL TÍTULO
Título El estructuralismo como método /
Mención de responsabilidad, etc. Louis Millet, Madeleine Varin d'Ainvelle ; [traducción de Pere Vilanova].
250 ## - MENCION DE EDICION
Mención de edición 1ª ed.
260 ## - PUBLICACIÓN, DISTRIBUCIÓN, ETC.
Lugar de publicación, distribución, etc. Madrid :
Nombre del editor, distribuidor, etc. Cuadernos para el Diálogo,
Fecha de publicación, distribución, etc. 1972.
300 ## - DESCRIPCIÓN FÍSICA
Extensión 100 p. ;
Dimensiones 19 cm.
490 1# - MENCIÓN DE SERIE
Mención de serie Ediciones de bolsillo. Ciencias humanas ;
Designación de volumen o secuencia 131
650 04 - PUNTO DE ACCESO ADICIONAL DE MATERIA--TÉRMINO DE MATERIA
Término de materia o nombre geográfico como elemento de entrada Estructuralismo.
9 (RLIN) 12567
700 1# - ENTRADA AGREGADA--NOMBRE PERSONAL
Nombre de persona Vilanova, Pere.
9 (RLIN) 114778
700 1# - ENTRADA AGREGADA--NOMBRE PERSONAL
Nombre de persona Varin d'Ainvelle, Madeleine.
9 (RLIN) 113229
710 2# - ENTRADA AGREGADA--NOMBRE DE ENTIDAD CORPORATIVA
Nombre de entidad corporativa o nombre de jurisdicción como elemento de entrada Cuadernos para el Diálogo.
9 (RLIN) 3333
830 1# - PUNTO DE ACCESO ADICIONAL DE SERIE-TÍTULO UNIFORME
Título uniforme Ediciones de bolsillo. Ciencias humanas ;
Designación de volumen o secuencia 131
9 (RLIN) 182956
852 ## - LOCALIZACIÓN
Ubicación ES-MaACL
Número de control de estantería C-42481
Holdings
Estatus retirado Estado de pérdida Estado de daño No para préstamo Biblioteca de origen Biblioteca actual Ubicación en estantería Fecha de adquisición Fuente de adquisición Total de préstamos Signatura topográfica completa Código de barras Visto por última vez Precio de reemplazo Tipo de ítem Koha
        Biblioteca del Ateneo de Madrid Biblioteca del Ateneo de Madrid Depósito 2 17/01/2008     C-42481 1109059 23/02/2023 23/02/2023 Libro impreso